M disney/pixar characters - Statistics

General Stats
  • This quiz has been taken 20 times
  • The average score is 8 of 72
Answer Stats
Hint Answer % Correct
Moana Moana
67%
Mulan Mulan
67%
The Aristocats Marie
44%
Cinderella Mary
44%
Cars Mater
44%
Brave Merida
44%
The Lion King Mufasa
44%
Alice in Wonderland Mad Hatter
33%
Beauty and the Beast Maurice
33%
Toy Story Molly
33%
Brave Macguffin
22%
Robin Hood Maid Marian
22%
Sleeping Beauty Maleficent
22%
A Bugs Life Manny
22%
The Little Mermaid Max
22%
Hercules Megara
22%
Sleeping Beauty Merryweather
22%
Monsters Inc Mike
22%
Encanto Mirabel
22%
Aladdin Magic Carpet
11%
Alice in Wonderland March Hare
11%
Moana Maui
11%
Tangled Maximus
11%
The Rescuers Medusa
11%
Pocahontas Meeko
11%
Turning Red Meilin
11%
The Sword in the Stone Merlin
11%
Atlantis Milo Thatch
11%
The Incredibles Mirage
11%
Bolt Mittens
11%
Tangled Mother Gothel
11%
The Jungle Book Mowgli
11%
The Adventures of Ichabod and Mr Toad Mr Toad
11%
Mulan Mushu
11%
Luca Machiavelli
0%
Brave MacIntosh
0%
Cars Mack
0%
The Sword in the Stone Madam Mim
0%
Home on the Range Maggie
0%
Snow White Magic Mirror
0%
Wish Magnifico
0%
Cinderella Major
0%
Princess and the Frog Mama Odie
0%
Zootopia Manchas
0%
Encanto Mariano
0%
Finding Nemo Marlin
0%
Frozen Marshmallow
0%
Peter Pan Mary Darling
0%
Luca Massimo
0%
Mulan Matchmaker
0%
Frozen 2 Matthias
0%
Brave Maudie
0%
Ralph Breaks the Internet Maybe
0%
Hercules Melpomene
0%
Strange World Meridian
0%
Lilo and Stitch Mertle
0%
Peter Pan Michael
0%
Fantasia Mickey Mouse
0%
Coco Miguel
0%
Cars 2 Miles Axlerod
0%
Turning Red Ming
0%
Duck Tales Minnie Mouse
0%
Big Hero 6 Mochi
0%
The Adventures of Ichabod and Mr Toad Mole
0%
A Bugs Life Molt
0%
Pinocchio Monstro
0%
Brave Mordu
0%
Treasure Planet Morph
0%
Soul Mr Mittens
0%
Bambi Mr Mole
0%
Toy Story Mr Potato Head
0%
Toy Story Mrs Potato Head
0%
No matching quizzes found
Score Distribution
Percent of People with Each Score
Percentile by Number Answered
Your Score History
You have not taken this quiz